Statistics for I Forgot That You Existed - Taylor Swift (All Lyrics)

Click here to take the quiz!

General Stats

  • This quiz has been taken 18 times
    (7 since last reset)
  • The average score is 215 of 294

Answer Stats

Lyrics% Correct
a
100%
'Bout
100%
did,
100%
did
100%
how
100%
How
100%
I
100%
many
100%
me
100%
me,
100%
spend
100%
then
100%
thinking
100%
wrong,
100%
wrong?
100%
you
100%
but
83%
But
83%
days
83%
didn't
83%
existed
83%
for
83%
forgot
83%
In
83%
in
83%
It
83%
it
83%
it's
83%
It's
83%
just
83%
kill
83%
night
83%
so
83%
So
83%
So,
83%
some
83%
that
83%
who
83%
would
83%
yeah
83%
all
67%
And
67%
and
67%
blur
67%
happened
67%
hate,
67%
indifference
67%
isn't
67%
love,
67%
magical
67%
my
67%
nice
67%
on
67%
one
67%
peaceful
67%
quiet
67%
something
67%
the
67%
thought
67%
'Til
67%
to
67%
was
67%
were
67%
ya
67%
your
67%
Your
67%
are,
50%
around
50%
As
50%
as
50%
away
50%
been
50%
came
50%
clear
50%
couldn't
50%
down
50%
down,
50%
Even
50%
forget
50%
fought
50%
from
50%
front
50%
going
50%
gone,
50%
gone
50%
Got
50%
ground,
50%
ground
50%
hard
50%
hit
50%
if
50%
lessons
50%
lips,
50%
Lived
50%
message
50%
mind
50%
name
50%
nobody
50%
of
50%
out
50%
popcorn
50%
rep
50%
right
50%
row
50%
school
50%
Sent
50%
shade
50%
show
50%
showed
50%
soon
50%
started
50%
stuck
50%
sunshine
50%
Taught
50%
there,
50%
they
50%
throwing
50%
tied
50%
tongue
50%
town,
50%
tripped
50%
up
50%
what
50%
whole
50%
Would've
50%
would've
50%
yard
50%
Drake,
33%
feelings
33%
Free
33%
get
33%
Laughed
33%
living
33%
more
33%
rent,
33%
than
33%

Score Distribution

Percentile by Number Answered

Percent of People with Each Score

Your Score History

You have not taken this quiz since the last reset